| 000 | 00734nam a2200217Ii 4500 | ||
|---|---|---|---|
| 003 | JO-AjNU | ||
| 008 | 230605s9999||||xx |||||||||||||| ||und|| | ||
| 017 | _a1986/11/471 | ||
| 040 |
_aJO-AjNU _bara _erda _cJO-AjNU |
||
| 041 | _aara | ||
| 050 | 1 | 4 | _aPJ7517.A52 1982 |
| 100 | 3 |
_aتأليف العمد،هاني صبحي, _eauthor _918888 |
|
| 245 | 0 | 0 | _aأدب الكتابة والتأليف عند العرب، نظرة عامة |
| 250 | _aط1 | ||
| 264 | 3 | 1 | _aعمان: الجامعة الأردنية، 1986 |
| 300 | _a139ص | ||
| 336 |
_atext _btxt _2rdacontent |
||
| 337 |
_aunmediated _bn _2rdamedia |
||
| 338 |
_avolume _bnc _2rdacarrier |
||
| 650 | 4 |
_aالأدب العربي - اللغة العربية - كتابة _918889 |
|
| 999 |
_aA6125 _c9693 _d9693 |
||